Giao tiếp thông minh : Lên tiếng đúng nơi, im lặng đúng lúc

保存先:
書誌詳細
主要な著者:  Giao tiếp thông minh : Lên tiếng đúng nơi, im lặng đúng lúc,  Sedler, Michael D
フォーマット: Sách
言語:Undetermined
出版事項:  Hồng Đức  2023
主題:
タグ: タグ追加
タグなし, このレコードへの初めてのタグを付けませんか!
Thư viện lưu trữ: Trung tâm Thư viện - Trường Đại học Công nghiệp TP. Hồ Chí Minh
LEADER 00592nam a2200157Ia 4500
001 UIH_08260
008 241002s9999 xx 000 0 und d
082 |a  302.2 
100 |a  Giao tiếp thông minh : Lên tiếng đúng nơi, im lặng đúng lúc 
100 |a  Sedler, Michael D 
245 0 |a  Giao tiếp thông minh : Lên tiếng đúng nơi, im lặng đúng lúc 
260 |b  Hồng Đức 
260 |c  2023 
650 |a Giao tiếp 
927 |a Sách 
980 |a Trung tâm Thư viện - Trường Đại học Công nghiệp TP. Hồ Chí Minh